Responses for show #6441 - Monday, September 24, 2012

Contestants

Deb Teitelbaum, an educational consultant from Sylva, North Carolina

Matt Tobin, a violinist and dueling pianist from Glastonbury, Connecticut

Erin Zwiener, a conservation journalist and pet-sitter from Abiquiu, New Mexico (whose 2-day cash winnings total $32,199)

Jeopardy! Round responses

COUNTRIES OF THE CARIBBEAN
SPIN-OFFS
RHYME HELL
(Alex: In honor of the magazine's 25th anniversary...)
NUTRITION FROM COOKING LIGHT
LARRY, MO- & CURLY
THE METROPOLITAN OPERA
(Sarah: Over 120 years of thrilling audiences with music, drama, and some amazing visuals.) (Alex: And the Met's season is debuting this evening.)
    $200 1
Grenada

Erin!
    $200 15
Special Victims Unit (SVU)

Erin!
    $200 16
gel

Matt
    $200 17
yogurt

Matt
    $200 26
Google

Erin!
    $200 10
Faust

Matt
    $400 2
Haiti

Matt
    $400 22
Angel

Erin!
    $400 9
(William) Tell

Matt
    $400 18
cream cheese

Erin!
    $400 27
(Little Orphan) Annie

Matt
    $400 11
Carmen

Matt
    $600 3
Jamaica

Deb
    $600 23
Doctor Who

Triple Stumper
    $600 8
a cell

Deb
    $600 19
fiber

Deb
    $600 28
the shot put

Erin!
    $1,400 12
Marian Anderson

Matt
    $800 6
(St.) Vincent

Erin!
    $800 24
(Alex: With less than a minute now.)

Khloé & Lamar

Deb
    $800 7
a bombshell

Erin!
    $800 20
a flank steak

Matt
    $800 29
[The end-of-round signal sounds.]

Harvard

Deb
    $800 13
(Matt: What is La traviata?)
(Erin!: What is Aida?)

Rigoletto

Erin!Matt
Triple Stumper
    $1000 5
(Deb: What is Turbinado?)

Barbados

Deb
Triple Stumper
    $1000 25
Hot in Cleveland

Deb
    $1000 4
a swell

Erin!
    $1000 21
canola oil

Deb
    $1000 14
Girl of the Golden West (La fanciulla)

Triple Stumper

Scores at the first commercial break (after clue 15):

Erin! Matt Deb
$2,200 $2,000 $200

Scores at the end of the Jeopardy! Round:

Erin! Matt Deb
$3,800 $3,600 $4,400

Double Jeopardy! Round responses

THEY ALSO WROTE CHILDREN'S BOOKS
TECH STUFF
YOU NEED TO CLEAR THAT UP
MARSHALL LAW
IT'S A MYTH
KISS ME KATE WINSLET
    $400 1
James Patterson

Triple Stumper
    $400 26
Hewlett-Packard

Matt
    $400 22
"Hazy"

Deb
    $400 9
the Bill of Rights

Matt
    $400 4
(Matt: Who is Triton?)

Poseidon

Erin!Matt
    $400 21
Titanic

Erin!
    $800 2
Gertrude Stein

Triple Stumper
    $800 27
Siri

Erin!
    $800 23
(Matt: Uh... [blows air] sorry.)
...
(Alex: That's the word, with a minute to go.)

ambiguous

MattDeb
    $800 10
the steamboat

Deb
    $800 16
Atlas

Matt
    $800 20
Revolutionary Road

Erin!
    $1200 3
Sylvia Plath

Deb
    $1200 28
Norton

Erin!
    $1200 17
vague

Erin!
    $1200 11
Marbury v. Madison

Matt
    $1200 15
the Minotaur

Erin!
    $1200 19
Hamlet

Triple Stumper
    $1600 7
(Salman) Rushdie

Erin!
    $1600 29
[The end-of-round signal sounds.]

TomTom

Matt
    $1600 25
foggy

Matt
    $2,000 12
(Matt: Uh... who is Madison?)

Aaron Burr

Matt
    $1600 14
Paris

Erin!
    $1600 18
Quills

Triple Stumper
    $2000 6
Ionesco

Matt
    $2000 24
indefinite

Deb
    $2000 13
Cherokee

Erin!
    $4,200 5
Aphrodite

Erin!
    $2000 8
Finding Neverland

Matt

Scores at the end of the Double Jeopardy! Round:

Erin! Matt Deb
$19,200 $10,400 $9,600

[wagering suggestions for these scores]

Final Jeopardy! Round responses

STATE CAPITALS
DebWhat is Hartford, CT?
$9,597
MattWhat is Hartford?
$10,400
Erin!What is Augusta Hartford
$2,000
Hartford, Connecticut

Final scores:

Erin! Matt Deb
$21,200 $20,800 $19,197
3-day champion: $53,399 2nd place: $2,000 3rd place: $1,000

Game dynamics:

Coryat scores:

Erin! Matt Deb
$17,000 $11,600 $9,600
20 R
(including 1 DD),
1 W
17 R
(including 1 DD),
4 W
(including 1 DD)
12 R,
1 W

Combined Coryat: $38,200

The J! Archive is created by fans, for fans. The Jeopardy! game show and all elements thereof, including but not limited to copyright and trademark thereto, are the property of Jeopardy Productions, Inc. and are protected under law. This website is not affiliated with, sponsored by, or operated by Jeopardy Productions, Inc. Join the discussion at JBoard.tv.